[Event "Junior Online 4NCL Division 4"]
[Site "online"]
[Date "2020.11.12"]
[Round "7.92"]
[White "Bryant, Harry"]
[Black "Belur, Ankita"]
[Result "0-1"]
[WhiteElo "1330"]
[BlackElo "1427"]
[PlyCount "84"]
[EventDate "2020.11.12"]
[WhiteTeam "JHJ 5"]
[BlackTeam "Barnet Knights B"]

1. d4 d6 2. Nc3 Nf6 3. Bf4 g6 4. e4 Bg7 5. f3 O-O 6. h4 c6 7. g4 Nbd7 8. h5 Re8
9. hxg6 fxg6 10. Bh6 Bh8 11. g5 Nh5 12. f4 Nxf4 13. Qg4 e5 14. Bc4+ d5 15. exd5
exd4+ 16. Nce2 cxd5 17. Qxf4 dxc4 18. Qf3 Nc5 19. O-O-O d3 20. Nf4 d2+ 21. Kb1
Re1 22. Nge2 Rxh1 23. Qxh1 Bf5 24. Ng3 Qd4 25. Qd5+ Qxd5 26. Nxd5 Rd8 27. Ne7+
Kf7 28. Nexf5 gxf5 29. Nxf5 c3 30. b3 Rd5 31. Ne3 Re5 32. Nc4 Re1 33. Ne3 Bd4
34. g6+ Kxg6 35. b4 Kxh6 36. Ng4+ Kg5 37. Nf2 Bxf2 38. a3 Rxd1+ 39. Ka2 Re1 40.
bxc5 d1=Q 41. a4 Qb1+ 42. Ka3 Qb2# 0-1

[Event "Junior Online 4NCL Division 4"]
[Site "online"]
[Date "2020.11.12"]
[Round "7.93"]
[White "Rupf, Oscar"]
[Black "Nilim, Armaan"]
[Result "1-0"]
[WhiteElo "1405"]
[BlackElo "1285"]
[PlyCount "113"]
[EventDate "2020.11.12"]
[WhiteTeam "Barnet Knights B"]
[BlackTeam "JHJ 5"]

1. e4 c5 2. c3 d5 3. exd5 Qxd5 4. d4 cxd4 5. Qxd4 Qxd4 6. cxd4 Bf5 7. h3 e6 8.
Nf3 Nf6 9. Bb5+ Nc6 10. Bxc6+ bxc6 11. Bg5 Ne4 12. Bf4 Bb4+ 13. Nbd2 Rd8 14. a3
Bxd2+ 15. Bxd2 Nxd2 16. Kxd2 c5 17. Ke3 cxd4+ 18. Nxd4 Bg6 19. Rhd1 O-O 20. Ke2
Rc8 21. Rac1 Rfd8 22. Nc6 Rxd1 23. Rxd1 Ra8 24. Ne7+ Kf8 25. Nxg6+ hxg6 26. f4
Ke7 27. g4 Rd8 28. Rxd8 Kxd8 29. Kd3 Kd7 30. Kd4 Kd6 31. Kc4 Kc6 32. Kb4 Kb6
33. a4 a5+ 34. Kc4 Kc6 35. b4 axb4 36. Kxb4 Kb6 37. a5+ Ka6 38. g5 f6 39. h4 e5
40. fxe5 fxe5 41. Kc4 e4 42. Kd4 e3 43. Kxe3 Kxa5 44. Ke4 Kb5 45. Ke5 Kc5 46.
Ke6 Kd4 47. Kf7 Ke5 48. Kxg7 Kf5 49. Kh6 Kg4 50. Kxg6 Kxh4 51. Kf6 Kh5 52. g6
Kh6 53. Kf7 Kh5 54. g7 Kh6 55. g8=Q Kh5 56. Qg3 Kh6 57. Qg6# 1-0

[Event "Junior Online 4NCL Division 4"]
[Site "online"]
[Date "2020.11.12"]
[Round "7.94"]
[White "Hanache, Kai"]
[Black "Bracken, Layla"]
[Result "1-0"]
[WhiteElo "1240"]
[BlackElo "1405"]
[PlyCount "41"]
[EventDate "2020.11.12"]
[WhiteTeam "JHJ 5"]
[BlackTeam "Barnet Knights B"]

1. e4 e5 2. Nf3 Nc6 3. Bc4 Bc5 4. d3 Nf6 5. Bg5 d6 6. Nc3 h6 7. Bh4 Be6 8. Nd5
Bxd5 9. Bxd5 O-O 10. O-O a5 11. c3 Rb8 12. d4 exd4 13. cxd4 Ba7 14. Bxc6 bxc6
15. Qc2 Re8 16. e5 dxe5 17. dxe5 g5 18. exf6 gxh4 19. Qf5 Rb5 20. Qg4+ Kh7 21.
Qg7# 1-0

[Event "Junior Online 4NCL Division 4"]
[Site "online"]
[Date "2020.11.12"]
[Round "7.95"]
[White "Zhao, George"]
[Black "Ford, Conor"]
[Result "1-0"]
[WhiteElo "1330"]
[BlackElo "1427"]
[PlyCount "143"]
[EventDate "2020.11.12"]
[WhiteTeam "JHJ 5"]
[BlackTeam "Barnet Knights B"]

1. b3 e5 2. Bb2 Nc6 3. Nf3 d6 4. c4 Nf6 5. c5 Be7 6. cxd6 Bxd6 7. e3 O-O 8. Bb5
Bd7 9. Bxc6 Bxc6 10. d4 exd4 11. Bxd4 Be7 12. O-O Bb5 13. Re1 Bb4 14. Bc3 Bxc3
15. Nxc3 Bc6 16. Qc1 Qe7 17. Qd1 Rad8 18. Qe2 Rfe8 19. Rad1 Qb4 20. Rxd8 Rxd8
21. Rc1 Ne4 22. Nxe4 Bxe4 23. Rxc7 Bxf3 24. gxf3 Qb6 25. Rc4 h6 26. Qc2 Qf6 27.
Rc8 b6 28. Rxd8+ Qxd8 29. f4 Qd7 30. f3 Qe6 31. Qe2 Kh7 32. Qd3+ Kg8 33. Qd8+
Kh7 34. Qd3+ Kg8 35. Kg2 Qf6 36. Qc2 Qe6 37. Qe4 Qd7 38. Qd4 Qc7 39. Qd3 Qe7
40. Kg3 Qf6 41. Qc2 Qe6 42. e4 Qg6+ 43. Kf2 Qe6 44. Ke3 f5 45. e5 g5 46. Qc4
Qxc4 47. bxc4 Kf7 48. fxg5 hxg5 49. f4 g4 50. Kd4 Ke6 51. c5 b5 52. c6 a5 53.
Kc5 b4 54. Kb6 a4 55. c7 b3 56. c8=Q+ Ke7 57. Qc7+ Ke6 58. axb3 a3 59. Qc4+ Ke7
60. Qa4 a2 61. Qa3+ Ke6 62. Qxa2 Kd7 63. Qa7+ Ke6 64. Qb8 Kd7 65. Qd6+ Ke8 66.
Kc7 Kf7 67. e6+ Ke8 68. Qd7+ Kf8 69. e7+ Kg7 70. e8=Q+ Kh6 71. Qdf7 g3 72. Qh8#
1-0

[Event "Junior Online 4NCL Division 4"]
[Site "online"]
[Date "2020.11.12"]
[Round "7.96"]
[White "Belur, Ankita"]
[Black "Bryant, Harry"]
[Result "1-0"]
[WhiteElo "1427"]
[BlackElo "1330"]
[PlyCount "81"]
[EventDate "2020.11.12"]
[WhiteTeam "Barnet Knights B"]
[BlackTeam "JHJ 5"]

1. c4 e5 2. Nc3 Nc6 3. g3 f5 4. Bg2 e4 5. d3 exd3 6. exd3 Bb4 7. Bd2 Nf6 8. a3
Bc5 9. b4 Bd4 10. Nge2 Qe7 11. O-O O-O 12. Re1 Bxc3 13. Nxc3 Qf7 14. Nd5 d6 15.
Bc3 Be6 16. Nxf6+ gxf6 17. Rxe6 Qxe6 18. Bd5 Qxd5 19. cxd5 Ne5 20. Bxe5 fxe5
21. Qd2 f4 22. gxf4 Rxf4 23. Kh1 Raf8 24. Rg1+ Kh8 25. Rg2 R4f7 26. Qe3 Rf3 27.
Qxa7 Rxd3 28. Qxb7 Rxa3 29. Qxc7 Ra1+ 30. Rg1 Rxg1+ 31. Kxg1 Rg8+ 32. Kh1 Ra8
33. Qxd6 Ra1+ 34. Kg2 Re1 35. Qf6+ Kg8 36. d6 Rd1 37. Qxe5 Rxd6 38. Qxd6 h6 39.
Qe7 Kh8 40. Kg3 h5 41. Kh4 1-0

[Event "Junior Online 4NCL Division 4"]
[Site "online"]
[Date "2020.11.12"]
[Round "7.97"]
[White "Nilim, Armaan"]
[Black "Rupf, Oscar"]
[Result "0-1"]
[WhiteElo "1285"]
[BlackElo "1405"]
[PlyCount "50"]
[EventDate "2020.11.12"]
[WhiteTeam "JHJ 5"]
[BlackTeam "Barnet Knights B"]

1. d4 e6 2. e4 d5 3. e5 c5 4. c3 Nc6 5. Nf3 Qb6 6. Bd3 Bd7 7. Bc2 f6 8. exf6
Nxf6 9. O-O Be7 10. b3 O-O 11. Bb2 cxd4 12. Nxd4 Nxd4 13. cxd4 Rac8 14. Nc3 Bb4
15. Qd3 Qc7 16. g4 Bxc3 17. Bxc3 Qxc3 18. Qxc3 Rxc3 19. Rac1 Rf3 20. Bd1 Rf4
21. g5 Ne4 22. f3 Nxg5 23. Kh1 Nxf3 24. Kg2 Nh4+ 25. Kh1 Rxf1# 0-1

[Event "Junior Online 4NCL Division 4"]
[Site "online"]
[Date "2020.11.12"]
[Round "7.98"]
[White "Bracken, Layla"]
[Black "Hanache, Kai"]
[Result "1-0"]
[WhiteElo "1405"]
[BlackElo "1240"]
[PlyCount "151"]
[EventDate "2020.11.12"]
[WhiteTeam "Barnet Knights B"]
[BlackTeam "JHJ 5"]

1. e4 c5 2. Nf3 d6 3. g3 Nc6 4. Bg2 Nf6 5. d3 Bg4 6. h3 Bh5 7. O-O e6 8. Bg5
Be7 9. Nc3 Bxf3 10. Qxf3 Nd4 11. Qd1 Nxe4 12. Bxe7 Nxc3 13. bxc3 Qxe7 14. cxd4
cxd4 15. Rb1 d5 16. Kh2 O-O 17. Re1 Rfd8 18. f4 Rac8 19. Qd2 Qc7 20. Rbc1 Qc3
21. Qf2 Qb2 22. a4 Qc3 23. h4 Rc7 24. Kh3 Rdc8 25. Red1 b6 26. h5 Qb2 27. Rb1
Qxc2 28. Qxc2 Rxc2 29. g4 Ra2 30. g5 Rxa4 31. Bf3 Rc3 32. Kg4 f5+ 33. Kh4 Raa3
34. Be2 Kf7 35. Rd2 Rab3 36. Rxb3 Rxb3 37. Rc2 Rc3 38. Ra2 a5 39. Rb2 Rc6 40.
Bd1 Ke7 41. Ba4 Rd6 42. Rc2 Kd8 43. Bb5 Rd7 44. Bxd7 Kxd7 45. Rb2 Kc6 46. h6 g6
47. Kg3 b5 48. Kf2 b4 49. Ke2 Kb5 50. Kd2 a4 51. Kc2 b3+ 52. Kb1 Kb4 53. Re2
Kc3 54. Rxe6 a3 55. Rc6+ Kxd3 56. Ra6 Ke4 57. Rxa3 Kxf4 58. Rxb3 Kxg5 59. Rd3
f4 60. Rxd4 f3 61. Rxd5+ Kg4 62. Kc1 g5 63. Kd2 Kg3 64. Rxg5+ Kf4 65. Rg1 Kf5
66. Ke3 Kf6 67. Kxf3 Kf5 68. Ke3 Kf6 69. Kf4 Kf7 70. Kf5 Kf8 71. Kf6 Ke8 72.
Kg7 Ke7 73. Kxh7 Kf7 74. Rg7+ Kf8 75. Ra7 Ke8 76. Kg7 1-0

[Event "Junior Online 4NCL Division 4"]
[Site "online"]
[Date "2020.11.12"]
[Round "7.101"]
[White "Kumar, Satyam"]
[Black "Khoo, Cheng Fong Winston"]
[Result "1/2-1/2"]
[WhiteElo "1307"]
[BlackElo "1090"]
[PlyCount "104"]
[EventDate "2020.11.12"]
[WhiteTeam "Maidenhead Juniors 2"]
[BlackTeam "Barnet Knights E"]

1. e4 e5 2. Nf3 Nc6 3. Bc4 Nf6 4. d3 Bc5 5. Bg5 O-O 6. O-O h6 7. Bh4 d6 8. h3
Bd7 9. Nc3 Ne7 10. Bxf6 gxf6 11. d4 exd4 12. Nxd4 Ng6 13. Qh5 Ne5 14. Nf5 Bxf5
15. Qxf5 Nxc4 16. b3 Ne5 17. Nd5 Nd7 18. b4 Bb6 19. a4 a6 20. Qxd7 Qxd7 21.
Nxf6+ Kg7 22. Nxd7 Rfd8 23. Nxb6 cxb6 24. Rad1 f6 25. c4 Rac8 26. Rd4 Kf7 27.
Rfd1 Ke6 28. f4 f5 29. exf5+ Kxf5 30. Rxd6 Rxd6 31. Rxd6 Rxc4 32. Rxb6 Kxf4 33.
Rxb7 Rc1+ 34. Kh2 Ra1 35. Rb6 Rxa4 36. Rxh6 Rxb4 37. Rxa6 Kg5 38. Ra5+ Kh6 39.
g4 Rb6 40. Kg3 Rb3+ 41. Kh4 Rc3 42. g5+ Kg6 43. Ra6+ Kg7 44. g6 Rf3 45. Kg5
Rxh3 46. Ra7+ Kg8 47. g7 Rg3+ 48. Kf6 Rf3+ 49. Ke6 Re3+ 50. Kf6 Rf3+ 51. Kg5
Rg3+ 52. Kf6 Rf3+ 1/2-1/2

[Event "Junior Online 4NCL Division 4"]
[Site "online"]
[Date "2020.11.12"]
[Round "7.102"]
[White "Gold, Arthur"]
[Black "Anchan, Anirudh"]
[Result "1-0"]
[WhiteElo "1075"]
[BlackElo "1082"]
[PlyCount "55"]
[EventDate "2020.11.12"]
[WhiteTeam "Barnet Knights E"]
[BlackTeam "Maidenhead Juniors 2"]

1. e4 e5 2. Nf3 Nc6 3. Bc4 Nd4 4. Nxd4 exd4 5. Qf3 Qe7 6. c3 Nf6 7. O-O Qd6 8.
Re1 Be7 9. e5 Qb6 10. exf6 Qc6 11. Qxc6 dxc6 12. Rxe7+ Kd8 13. fxg7 Rg8 14.
Rxf7 Ke8 15. Rxc7 Bd7 16. Bxg8 b5 17. Bxh7 Ke7 18. g8=Q Rxg8 19. Bxg8 Kd6 20.
Rxa7 dxc3 21. Nxc3 c5 22. Ne4+ Kc6 23. d3 Bf5 24. Bf4 c4 25. Rc7+ Kb6 26. a4
cxd3 27. a5+ Ka6 28. Nc5# 1-0

[Event "Junior Online 4NCL Division 4"]
[Site "online"]
[Date "2020.11.12"]
[Round "7.103"]
[White "Tran, Charlie"]
[Black "Dudhia, Vansh"]
[Result "1-0"]
[WhiteElo "1075"]
[BlackElo "1052"]
[PlyCount "21"]
[EventDate "2020.11.12"]
[WhiteTeam "Maidenhead Juniors 2"]
[BlackTeam "Barnet Knights E"]

1. e4 e5 2. Nf3 Nc6 3. Bc4 Nf6 4. Ng5 d5 5. exd5 Nxd5 6. Qf3 Be7 7. Qxf7+ Kd7
8. Qxd5+ Ke8 9. Qf7+ Kd7 10. Be6+ Kd6 11. Ne4# 1-0

[Event "Junior Online 4NCL Division 4"]
[Site "online"]
[Date "2020.11.12"]
[Round "7.104"]
[White "Saunders, Oliver"]
[Black "Adhikari, Aanya"]
[Result "1-0"]
[WhiteElo "1052"]
[BlackElo "1015"]
[PlyCount "103"]
[EventDate "2020.11.12"]
[WhiteTeam "Barnet Knights E"]
[BlackTeam "Maidenhead Juniors 2"]

1. e4 c5 2. Nf3 d6 3. Nc3 Nc6 4. Bc4 Nf6 5. Ng5 d5 6. exd5 Nxd5 7. Bxd5 e6 8.
Bc4 Qxg5 9. Qf3 Bd6 10. d3 Qe5+ 11. Qe4 Qxe4+ 12. Nxe4 Nd4 13. Nxd6+ Ke7 14.
Nxc8+ Raxc8 15. Kd2 b5 16. c3 bxc4 17. cxd4 cxd4 18. dxc4 Rxc4 19. Kd3 Rb4 20.
b3 e5 21. Ba3 e4+ 22. Kxe4 d3+ 23. Bxb4+ Ke6 24. Kxd3 Rd8+ 25. Kc2 Rc8+ 26. Kb2
Rd8 27. Rhe1+ Kf6 28. Be7+ Kg6 29. Bxd8 f6 30. Re3 Kf7 31. Rg3 Kf8 32. Ba5 Kf7
33. Rd1 g6 34. Rgd3 Kg7 35. Rh3 f5 36. Rd7+ Kf6 37. Rhxh7 Kg5 38. Bd2+ Kf6 39.
Rde7 g5 40. Rhf7+ Kg6 41. Rxa7 f4 42. Rfc7 Kh5 43. f3 g4 44. Ra6 Kg5 45. Rc5+
Kh4 46. fxg4 Kxg4 47. Rg6+ Kh4 48. g3+ fxg3 49. hxg3+ Kh3 50. Rf6 Kxg3 51. Rg5+
Kh4 52. Rh6# 1-0

[Event "Junior Online 4NCL Division 4"]
[Site "online"]
[Date "2020.11.12"]
[Round "7.105"]
[White "Khoo, Cheng Fong Winston"]
[Black "Kumar, Satyam"]
[Result "1-0"]
[WhiteElo "1090"]
[BlackElo "1307"]
[PlyCount "131"]
[EventDate "2020.11.12"]
[WhiteTeam "Barnet Knights E"]
[BlackTeam "Maidenhead Juniors 2"]

1. d4 Nf6 2. c4 g6 3. Nc3 Bg7 4. Nf3 d6 5. Bf4 O-O 6. e4 c5 7. dxc5 dxc5 8.
Qxd8 Rxd8 9. Be2 Nc6 10. O-O Nh5 11. Bg5 f5 12. exf5 Bxf5 13. Rfd1 Bf6 14. Bxf6
Nxf6 15. h3 Bc2 16. Rxd8+ Rxd8 17. Rc1 Bf5 18. Rd1 Rxd1+ 19. Bxd1 Ne4 20. Nxe4
Bxe4 21. b3 Nb4 22. a3 Nd3 23. Bc2 Bxf3 24. gxf3 Ne1 25. Bd1 Nd3 26. Bc2 Ne5
27. Be4 b6 28. Kg2 Kf7 29. f4 Nd7 30. Kf3 Kf6 31. Kg4 h5+ 32. Kg3 Ke6 33. Bxg6
Nf6 34. Kh4 a5 35. Bxh5 Nxh5 36. Kxh5 Kf5 37. Kh6 Kxf4 38. Kg6 Kf3 39. h4 Kg4
40. h5 e5 41. h6 e4 42. h7 Kf3 43. h8=Q Kxf2 44. Qf6+ Ke3 45. Qf1 Kd4 46. Qe1
e3 47. Kf5 Kd3 48. Kf4 e2 49. Kf3 Kc2 50. Qxe2+ Kxb3 51. Qe6 Kxa3 52. Qxb6 Ka4
53. Qxc5 Kb3 54. Qxa5 Kxc4 55. Kg4 Kd4 56. Qb5 Ke4 57. Kh5 Kd4 58. Kg5 Ke4 59.
Qc5 Kd3 60. Qb4 Ke3 61. Qc4 Kd2 62. Qb3 Ke2 63. Kf4 Kd2 64. Kf3 Ke1 65. Qc2 Kf1
66. Qf2# 1-0

[Event "Junior Online 4NCL Division 4"]
[Site "online"]
[Date "2020.11.12"]
[Round "7.106"]
[White "Anchan, Anirudh"]
[Black "Gold, Arthur"]
[Result "0-1"]
[WhiteElo "1082"]
[BlackElo "1075"]
[PlyCount "78"]
[EventDate "2020.11.12"]
[WhiteTeam "Maidenhead Juniors 2"]
[BlackTeam "Barnet Knights E"]

1. e4 e5 2. Nf3 Nc6 3. Bc4 Nd4 4. O-O Nxf3+ 5. Qxf3 Nf6 6. d3 Bc5 7. Bg5 Be7 8.
Nc3 O-O 9. Nd5 Nxd5 10. Bxe7 Nxe7 11. c3 d6 12. d4 Qd7 13. dxe5 dxe5 14. Rfd1
Qe8 15. Rd2 b5 16. Bb3 a5 17. Rad1 Bb7 18. c4 a4 19. Bc2 bxc4 20. b3 axb3 21.
axb3 f5 22. bxc4 fxe4 23. Bxe4 Rxf3 24. Bxb7 Rf8 25. Bxa8 Qxa8 26. Rd7 Nf5 27.
f3 Qa7+ 28. c5 Qxc5+ 29. Kh1 Rf6 30. Rd8+ Kf7 31. R8d7+ Kg6 32. g4 Ne3 33. g5
Rxf3 34. h4 Rh3+ 35. Kg1 Nxd1+ 36. Kg2 Qc6+ 37. Kxh3 Qxd7+ 38. Kg3 Qd3+ 39. Kg4
Nf2# 0-1

[Event "Junior Online 4NCL Division 4"]
[Site "online"]
[Date "2020.11.12"]
[Round "7.107"]
[White "Dudhia, Vansh"]
[Black "Tran, Charlie"]
[Result "1-0"]
[WhiteElo "1052"]
[BlackElo "1075"]
[PlyCount "89"]
[EventDate "2020.11.12"]
[WhiteTeam "Barnet Knights E"]
[BlackTeam "Maidenhead Juniors 2"]

1. e4 e5 2. Nf3 Nc6 3. Nc3 Nf6 4. Bc4 h6 5. O-O d6 6. d3 Be6 7. Bxe6 fxe6 8.
Nh4 g5 9. Ng6 Rh7 10. Nb5 a6 11. Nc3 Kf7 12. Nxf8 Qxf8 13. Qf3 Kg8 14. Ne2 Rf7
15. Ng3 Nd4 16. Qe3 Ng4 17. Qd2 d5 18. Ne2 Nxe2+ 19. Qxe2 Nf6 20. Qf3 dxe4 21.
dxe4 Nd5 22. Qh5 Nf6 23. Qg6+ Rg7 24. Qxh6 Nxe4 25. Qxe6+ Kh8 26. Qg4 Qf4 27.
Bxf4 exf4 28. Qh5+ Rh7 29. Qg6 Rg8 30. Qxe4 g4 31. Qe5+ Rgg7 32. Qe8+ Rg8 33.
Qe5+ Rgg7 34. Rfd1 Rh6 35. Rd8+ Kh7 36. Qf5+ Rhg6 37. Qh5+ Rh6 38. Qd5 c6 39.
Qe4+ Rhg6 40. Rad1 f3 41. gxf3 gxf3+ 42. Kf1 Kh6 43. Rh8+ Kg5 44. Qe5+ Kg4 45.
Rd4# 1-0

[Event "Junior Online 4NCL Division 4"]
[Site "online"]
[Date "2020.11.12"]
[Round "7.108"]
[White "Adhikari, Aanya"]
[Black "Saunders, Oliver"]
[Result "0-1"]
[WhiteElo "1015"]
[BlackElo "1052"]
[PlyCount "70"]
[EventDate "2020.11.12"]
[WhiteTeam "Maidenhead Juniors 2"]
[BlackTeam "Barnet Knights E"]

1. e4 e5 2. Nf3 Nc6 3. d4 exd4 4. Nxd4 Bc5 5. Nxc6 Qf6 6. Qd2 Qxc6 7. Nc3 Nf6
8. e5 Ng4 9. Bb5 Qxg2 10. Rf1 Nxh2 11. Nd5 Nf3+ 12. Kd1 Nxd2 13. Re1 Qxd5 14.
Bxd2 Bxf2 15. Re2 Qh1+ 16. Be1 Bxe1 17. Rxe1 Qd5+ 18. Ke2 Qxb5+ 19. Kf2 Qxb2
20. Rad1 Qxc2+ 21. Kf3 O-O 22. Rc1 Qxa2 23. Rxc7 Qa5 24. Rc2 Qxe1 25. Re2 Qc3+
26. Re3 Qc6+ 27. Re4 d6 28. exd6 Bg4+ 29. Ke3 Rae8 30. Rxe8 Rxe8+ 31. Kf4 Qxd6+
32. Kxg4 Re4+ 33. Kf3 Qd3+ 34. Kf2 Re2+ 35. Kf1 Qd1# 0-1

[Event "Junior Online 4NCL Division 4"]
[Site "online"]
[Date "2020.11.12"]
[Round "7.111"]
[White "Gardner, Zac"]
[Black "Sohi, Aarav"]
[Result "0-1"]
[WhiteElo "1217"]
[BlackElo "1150"]
[PlyCount "51"]
[EventDate "2020.11.12"]
[WhiteTeam "Barnet Knights D"]
[BlackTeam "Rovers Athletic"]

1. e4 c6 2. Nc3 d5 3. exd5 cxd5 4. d4 Nf6 5. Nf3 g6 6. Bf4 Bg7 7. Nb5 O-O 8.
Nc7 Nh5 9. Nxa8 Nxf4 10. Qd2 Nh5 11. O-O-O b6 12. Qc3 Bb7 13. Nc7 Qc8 14. Bb5
Nf4 15. Rhe1 e6 16. g3 Nh3 17. Ne5 Nxf2 18. Rd2 Ne4 19. Qf3 Nxd2 20. Kxd2 Qxc7
21. Rf1 Bh6+ 22. Kd1 a6 23. Bd3 b5 24. g4 Bg7 25. Nxg6 fxg6 26. Qe2 0-1

[Event "Junior Online 4NCL Division 4"]
[Site "online"]
[Date "2020.11.12"]
[Round "7.112"]
[White "Stanley, Isaac"]
[Black "Perl, Joseph"]
[Result "1-0"]
[WhiteElo "1210"]
[BlackElo "1165"]
[PlyCount "115"]
[EventDate "2020.11.12"]
[WhiteTeam "Rovers Athletic"]
[BlackTeam "Barnet Knights D"]

1. Nf3 Nf6 2. g3 g6 3. Bg2 d5 4. O-O Bg7 5. d3 c6 6. Nbd2 Qb6 7. c4 dxc4 8.
Nxc4 Qc7 9. Bf4 Qd7 10. Nfe5 Qd8 11. d4 Nbd7 12. e3 O-O 13. a3 b5 14. Nd2 Nxe5
15. dxe5 Nd5 16. Bxd5 Qxd5 17. e4 Qd4 18. Nf3 Qxe4 19. Re1 Qa4 20. Qxa4 bxa4
21. Nd4 Bd7 22. Rad1 Rab8 23. b4 axb3 24. Rb1 Be6 25. Nxc6 Bf5 26. Rb2 Rbc8 27.
Nxe7+ Kh8 28. Nxc8 Rxc8 29. Rxb3 Be6 30. Rb7 Ra8 31. Reb1 h6 32. Rb8+ Rxb8 33.
Rxb8+ Kh7 34. Rb7 g5 35. Bd2 Bxe5 36. Rxa7 Bd4 37. Ra4 Bc5 38. Bb4 Bb3 39. Ra5
Bb6 40. Rb5 Bd4 41. Bc5 Bc4 42. Ra5 Bc3 43. Ra7 Kg6 44. Rc7 Be5 45. Bd6 Bxd6
46. Rxc4 Bxa3 47. Rc6+ f6 48. Ra6 Bc5 49. Rc6 Bd4 50. Rd6 Bc5 51. Rd5 Bb6 52.
Rb5 Ba7 53. Rb4 h5 54. Kg2 g4 55. f3 Bc5 56. Ra4 f5 57. Ra6+ Kg5 58. f4# 1-0

[Event "Junior Online 4NCL Division 4"]
[Site "online"]
[Date "2020.11.12"]
[Round "7.113"]
[White "Rowland, Benjamin"]
[Black "Evans, Dylan"]
[Result "1/2-1/2"]
[WhiteElo "1142"]
[BlackElo "1090"]
[PlyCount "95"]
[EventDate "2020.11.12"]
[WhiteTeam "Barnet Knights D"]
[BlackTeam "Rovers Athletic"]

1. e4 c6 2. Nf3 d5 3. e5 Bf5 4. d4 e6 5. Nc3 Ne7 6. Bd3 Nd7 7. Bxf5 Nxf5 8. Bf4
c5 9. O-O c4 10. Qd2 Bb4 11. a3 Ba5 12. b4 cxb3 13. cxb3 Bxc3 14. Qxc3 O-O 15.
b4 Nb6 16. Rad1 Nc4 17. Nd2 Rc8 18. Nxc4 Rxc4 19. Qd3 Qh4 20. g3 Qg4 21. Be3
Rfc8 22. f4 Rc3 23. Rc1 Rxc1 24. Bxc1 h6 25. Be3 Nxe3 26. Qxe3 Rc4 27. Rc1
Rxc1+ 28. Qxc1 Qf3 29. Qb2 Qd3 30. Kg2 Kh7 31. Kh3 Qf5+ 32. Kg2 Qe4+ 33. Kf2
Qd3 34. h4 h5 35. a4 a6 36. a5 g6 37. Kg2 Qe4+ 38. Kh3 Qh1+ 39. Qh2 Qe4 40. Qf2
Qh1+ 41. Qh2 Qf1+ 42. Qg2 Qd1 43. Qf2 Qd3 44. Qb2 Qf1+ 45. Kh2 Qd3 46. Kg2 Qe4+
47. Kf2 Qd3 48. Kg2 1/2-1/2

[Event "Junior Online 4NCL Division 4"]
[Site "online"]
[Date "2020.11.12"]
[Round "7.114"]
[White "Sohi, Sehej"]
[Black "Allen, Sonny"]
[Result "0-1"]
[WhiteElo "1000"]
[BlackElo "1142"]
[PlyCount "52"]
[EventDate "2020.11.12"]
[WhiteTeam "Rovers Athletic"]
[BlackTeam "Barnet Knights D"]

1. e4 c5 2. Bc4 Nc6 3. Qh5 e6 4. Nf3 Nf6 5. Qh4 d5 6. exd5 exd5 7. Bd3 Be7 8.
O-O c4 9. Be2 Ng4 10. Ng5 Bxg5 11. Qh5 g6 12. Qh3 Ne3 13. Qg3 Nxc2 14. d4 Bf6
15. Nc3 Nxa1 16. Bf4 Nc2 17. Bf3 Be6 18. Bg4 Bh4 19. Qf3 N6xd4 20. Qh3 O-O 21.
Bxe6 fxe6 22. Be3 Nxe3 23. fxe3 Rxf1+ 24. Kxf1 Qf6+ 25. Kg1 Qf2+ 26. Kh1 Qf1#
0-1

[Event "Junior Online 4NCL Division 4"]
[Site "online"]
[Date "2020.11.12"]
[Round "7.115"]
[White "Sohi, Aarav"]
[Black "Gardner, Zac"]
[Result "1-0"]
[WhiteElo "1150"]
[BlackElo "1217"]
[PlyCount "107"]
[EventDate "2020.11.12"]
[WhiteTeam "Rovers Athletic"]
[BlackTeam "Barnet Knights D"]

1. d4 d5 2. c4 Nf6 3. Bg5 e6 4. Nc3 h6 5. Bh4 Be7 6. e3 Nc6 7. Bd3 b6 8. Nf3
Bb7 9. O-O Qd7 10. Ne5 Qd6 11. Bg3 O-O-O 12. Nxf7 Qd7 13. Nxh8 Rxh8 14. Bc2 Rd8
15. Ba4 Ne4 16. cxd5 exd5 17. Nxe4 dxe4 18. Rc1 Bf6 19. f4 exf3 20. Rxf3 Bg5
21. Qc2 a6 22. Bxc6 Bxc6 23. Qxc6 Qe7 24. Qxc7+ Qxc7 25. Bxc7 Re8 26. Bxb6+ Kd7
27. Rc7+ Kd6 28. d5 Kxd5 29. Rd7+ Kc6 30. Rxg7 Kxb6 31. Rg6+ Kb5 32. Rf5+ Kc4
33. b3+ Kd3 34. Rd6+ Ke2 35. Rf2+ Kxe3 36. Rf3+ Ke4 37. Rxa6 Be3+ 38. Kf1 Bg5
39. Ra4+ Ke5 40. Rf2 Be3 41. Re2 Kd5 42. Ra5+ Kd4 43. g4 Rf8+ 44. Kg2 Ke4 45.
Ra4+ Kd3 46. Rb2 Kc3 47. Rb1 Rf2+ 48. Kg3 Kc2 49. Rg1 Kd2 50. Rg2 Ke1 51. Rxf2
Bxf2+ 52. Kf3 Kf1 53. Rc4 Ke1 54. Rc1+ 1-0

[Event "Junior Online 4NCL Division 4"]
[Site "online"]
[Date "2020.11.12"]
[Round "7.116"]
[White "Perl, Joseph"]
[Black "Stanley, Isaac"]
[Result "1-0"]
[WhiteElo "1165"]
[BlackElo "1210"]
[PlyCount "59"]
[EventDate "2020.11.12"]
[WhiteTeam "Barnet Knights D"]
[BlackTeam "Rovers Athletic"]

1. d4 Nf6 2. c4 g6 3. Nc3 e6 4. Nf3 d5 5. Bg5 c6 6. e4 h6 7. Bxf6 Qxf6 8. e5
Qe7 9. cxd5 Qb4 10. Rb1 cxd5 11. Bb5+ Nc6 12. a3 Qa5 13. Ra1 a6 14. b4 Qb6 15.
Qa4 Bd7 16. Nd2 O-O-O 17. Bxc6 Bxc6 18. Qa5 Qxd4 19. Rc1 Qxe5+ 20. Ne2 Qb2 21.
Rd1 d4 22. O-O d3 23. Ng3 h5 24. Nc4 Qd4 25. Nb6+ Kb8 26. Ne2 Qe4 27. f3 Qe3+
28. Rf2 dxe2 29. Rxd8+ Ka7 30. Ra8# 1-0

[Event "Junior Online 4NCL Division 4"]
[Site "online"]
[Date "2020.11.12"]
[Round "7.117"]
[White "Evans, Dylan"]
[Black "Rowland, Benjamin"]
[Result "0-1"]
[WhiteElo "1090"]
[BlackElo "1142"]
[PlyCount "89"]
[EventDate "2020.11.12"]
[WhiteTeam "Rovers Athletic"]
[BlackTeam "Barnet Knights D"]

1. d4 Nf6 2. c4 e6 3. Nc3 Bb4 4. Nf3 d5 5. Bf4 O-O 6. e3 Bd6 7. Bxd6 Qxd6 8.
Bd3 c5 9. dxc5 Qxc5 10. O-O dxc4 11. Be4 Nxe4 12. Nxe4 Qb5 13. b3 cxb3 14. axb3
Nc6 15. Nd6 Qb6 16. Qd3 Rd8 17. Rac1 Nb4 18. Qd4 Qxd4 19. exd4 Rxd6 20. Rc3 Nc6
21. Ne5 Nxd4 22. Rfc1 Ne2+ 23. Kf1 Nxc3 24. Rxc3 b6 25. Rc6 Rxc6 26. Nxc6 Ba6+
27. Kg1 Bb7 28. Ne7+ Kf8 29. Nc6 Bxc6 30. b4 Bb5 31. f4 Rd8 32. g3 Rd1+ 33. Kg2
Bc6+ 34. Kh3 Rb1 35. g4 Rxb4 36. f5 exf5 37. gxf5 Bd7 38. Kg2 Bxf5 39. h3 Bxh3+
40. Kxh3 a5 41. Kg3 a4 42. Kf2 a3 43. Ke2 a2 44. Kd2 a1=Q 45. Kc2 0-1

[Event "Junior Online 4NCL Division 4"]
[Site "online"]
[Date "2020.11.12"]
[Round "7.118"]
[White "Allen, Sonny"]
[Black "Sohi, Sehej"]
[Result "1-0"]
[WhiteElo "1142"]
[BlackElo "1000"]
[PlyCount "57"]
[EventDate "2020.11.12"]
[WhiteTeam "Barnet Knights D"]
[BlackTeam "Rovers Athletic"]

1. e4 e5 2. Nf3 Nc6 3. d4 exd4 4. Nxd4 Nxd4 5. Qxd4 Nf6 6. Be2 Bd6 7. e5 Bb4+
8. Qxb4 Nd5 9. Qg4 O-O 10. Bh6 g6 11. Bxf8 Qxf8 12. Qc4 Nb6 13. Qxc7 Nd5 14.
Qd6 Qh6 15. Qxd5 Qc1+ 16. Qd1 Qxb2 17. Nd2 d5 18. exd6 Bf5 19. Rb1 Qxa2 20. Bc4
Re8+ 21. Kf1 Qa4 22. Bb5 Qa2 23. Bxe8 Bxc2 24. Bxf7+ Kxf7 25. Rxb7+ Ke6 26.
Qe2+ Kxd6 27. Qe7+ Kc6 28. Qd7+ Kc5 29. Rb5# 1-0

[Event "Junior Online 4NCL Division 4"]
[Site "online"]
[Date "2020.11.12"]
[Round "7.121"]
[White "Pipalia, Rishi"]
[Black "Balaggan, Karam S"]
[Result "1-0"]
[WhiteElo "1202"]
[BlackElo "1420"]
[PlyCount "75"]
[EventDate "2020.11.12"]
[WhiteTeam "JHJ 6"]
[BlackTeam "Colchester Juniors B"]

1. e4 e5 2. Nf3 Nc6 3. Bc4 Nf6 4. Ng5 d5 5. exd5 Na5 6. Bb3 Bd6 7. Nf3 O-O 8.
Nc3 c6 9. dxc6 Nxc6 10. O-O Bg4 11. h3 Bh5 12. Qe2 Nd4 13. Qd3 Re8 14. Nxd4
exd4 15. Nd5 Be2 16. Qxd4 Bxf1 17. Nxf6+ Qxf6 18. Qxf6 gxf6 19. Kxf1 Re7 20.
Bd5 Rae8 21. g3 Re1+ 22. Kg2 b6 23. d3 R1e5 24. c4 Rf5 25. g4 Rfe5 26. Bf4 Re2
27. Bxd6 Rxb2 28. Bc6 Re6 29. Ba3 Rc2 30. Bd5 Ree2 31. Kg3 Rxf2 32. Re1 Rfe2
33. Rxe2 Rxe2 34. c5 Rd2 35. Bc4 bxc5 36. Bxc5 Re2 37. Bxa7 Re7 38. Bc5 1-0

[Event "Junior Online 4NCL Division 4"]
[Site "online"]
[Date "2020.11.12"]
[Round "7.122"]
[White "Karanam, Guha Saran"]
[Black "Cancedda-Dupuis, Livio"]
[Result "0-1"]
[WhiteElo "1412"]
[BlackElo "1180"]
[PlyCount "36"]
[EventDate "2020.11.12"]
[WhiteTeam "Colchester Juniors B"]
[BlackTeam "JHJ 6"]

1. d4 d5 2. Bf4 Nc6 3. Nf3 f6 4. e3 e6 5. Bd3 Bd6 6. Bg3 e5 7. dxe5 fxe5 8. Bb5
Bg4 9. Qxd5 Bb4+ 10. c3 Qxd5 11. Bxc6+ Qxc6 12. cxb4 Bxf3 13. O-O Bxg2 14. Rc1
Qxc1+ 15. Kxg2 Qxb2 16. Nc3 Qxa1 17. Nd5 O-O-O 18. Bh4 Rxd5 0-1